BEYOND QUALITY IN EARLY CHILDHOOD EDUCATION AND CARE (Record no. 23219)
[ view plain ]
| 000 -LEADER | |
|---|---|
| fixed length control field | 00322nam a22001337a 4500 |
| 003 - CONTROL NUMBER IDENTIFIER | |
| control field | SGT |
| 020 ## - INTERNATIONAL STANDARD BOOK NUMBER | |
| International Standard Book Number | 978-1-139-39507-8 |
| 082 ## - DEWEY DECIMAL CLASSIFICATION NUMBER | |
| Classification number | 372.21 |
| Item number | DAH |
| 100 ## - MAIN ENTRY--PERSONAL NAME | |
| Personal name | DAHLBERG, GUNILLA |
| 245 ## - TITLE STATEMENT | |
| Title | BEYOND QUALITY IN EARLY CHILDHOOD EDUCATION AND CARE |
| 260 ## - PUBLICATION, DISTRIBUTION, ETC. (IMPRINT) | |
| Place of publication, distribution, etc | DELHI |
| Name of publisher, distributor, etc | ROUTLEDGE |
| Year of Publication | 2007 |
| 300 ## - PAGE DESCRIPTION | |
| No. of Pages | 2007 |
| 942 ## - ADDED ENTRY ELEMENTS (KOHA) | |
| Source of classification or shelving scheme | Dewey Decimal Classification |
| Koha item type | Books |
| Withdrawn status | Lost status | Source of classification or shelving scheme | Damaged status | Not for loan | Collection code | Home library | Current library | Shelving location | Date acquired | Vendor Name | Cost, normal purchase price | SGTU | Bill Number | Full call number | Accession No. (Barcode) | Date last seen | Bill Date | Koha item type |
|---|---|---|---|---|---|---|---|---|---|---|---|---|---|---|---|---|---|---|
| Dewey Decimal Classification | EDUCATION | SGT Engineering Library | SGT Engineering Library | Text Book | 31/08/2022 | ABC | 1095.00 | SGTU | 1741 | 372.21 DAH | ED5207 | 31/08/2022 | Books | |||||
| Dewey Decimal Classification | EDUCATION | SGT Engineering Library | SGT Engineering Library | Text Book | 31/08/2022 | ABC | 1095.00 | SGTU | 1741 | 372.21 DAH | ED5208 | 31/08/2022 | Books | |||||
| Dewey Decimal Classification | EDUCATION | SGT Engineering Library | SGT Engineering Library | Text Book | 31/08/2022 | ABC | 1095.00 | SGTU | 1741 | 372.21 DAH | ED5209 | 31/08/2022 | Books |